000 00722nam a2200229 i 4500
001 188726
003 ES-MaACL
005 20250807081311.0
007 t|
008 190211s1966 sp ||||1| spa d
100 0 _aPicard, Hervé.
_991777
245 1 0 _aOrientaciones para antes de casaros /
_cHervé Picard ; versión de José Mas Godayol.
260 _aBarcelona :
_bNova Terra,
_c[1966]
300 _a157 p. ;
_c20 cm.
490 1 _aColección "Navidad" ;
_v9
650 0 7 _aMatrimonio
_2embne
_914855
650 7 _aÉtica sexual
_2embne
_912591
700 0 _aMas Godayol, José.
_978634
830 0 _aColección "Navidad" ;
_v9
_9181795
852 _aES-MaACL
_jP-474-Ter-8
999 _c188726
_d188726